00494nam a2200157Ia 45000010006000000050017000060080041000230410008000640820024000721000036000962450151001322600009002833000028002926500008003206540008003282460220260414151054.0260414t2017||||xx |||||||||||||| ||spa|| aESP a345.721bB141 V. 43 aPeralta Miranda, GiancarloeAUT 0aArbitraje :barbitraje de inversión: el dinámico y complejo fenómeno jurídico, visto a través de los tratados bilaterales de inversión c2017 a434 páginas :c24 cm. aDER aCDE